000 01607nam a2200349 i 4500
003 EG-GICUC
005 20260121131732.0
008 260121s1978 ua ad||f |||| 00| 0 ara d
040 _a EG-GICUC
_bara
_c EG-GICUC
_d EG-GICUC
_erda
041 _aara
082 0 4 _221
_a345.432
_bص ل . س
092 0 4 _221
099 _aLaw1 07 345.432 ص ل . س 1978
100 0 _aصلاح الدين عبد العزيز
_eمعد.
245 1 0 _aساعات العمل ونظم الإجازات في العالم :
_bدراسة تطبيقية مقارنة /
_cعرض وإعداد صلاح الدين عبد العزيز .
246 _aWorking Hours and Leave Systems in the World (Comparative Applied Study)
264 1 _aالقاهرة :
_bالمنظمة العربية للعلوم الإدارية ،
_c1978 .
300 _a46 ؛ صفحة
_c24 سم
_bإيضاحيات، جداول ؛
336 _2rda content
_atext
337 _2rda media
_aComputer
338 _2rda carrier
_aOnline Resource
490 _aسلسلة الفكر الإداري المعاصر
_v27
504 _a. 46-45 ببليوجرافيا: صفحات.
505 _aمترجم عن تقرير مكتب العمل الدولي : I. L.O., General Review of Conditions of Employment of Public Servants (General Report) No. 1, Geneve 1970 .
650 1 4 _aالإجازات
_2qrmak
650 1 4 _aالقانون الإداري
_2qrmak
651 1 _2qrmak
830 _aسلسلة الفكر الإداري المعاصر
_v27
856 4 0 _uhttps://fll.law.cu.edu.eg/fulltext/bks/B07-00216.pdf
905 _a61
942 _2ddc
_cBK
_e21
_n0
999 _c58388
_d58388